00559nam a22002057a 450000500170000001000130001702000260003002000230005603500130007903700240009208200110011610000160012724500440014326000350018727000560022230000250027849000180030370000160032171000160033720111121165341.0 aB-444735 a9780791075357c295.00 a5384907535c295.00 aB-444735 aBlue Berry/VenbDPL 4a796.75 aHerran, Joe00akarting /cby Joe Herran and Ron Thomas aChelsea House Publishersc2004 a1974 Sproul Road, Suite 400bBroomallePA 19008-914 a32p.bcol.illc29cm. aAction Sports aThomas, Ron aThomas, Ron